|
|
|
|
| LEADER |
00000nam2a2200000 4500 |
| 001 |
33802 |
| 005 |
20231030220458.0 |
| 035 |
|
|
|a (RuTPU)RU\TPU\book\34173
|
| 035 |
|
|
|a BOOK00000824
|
| 090 |
|
|
|a 33802
|
| 100 |
|
|
|a 20011210d1978 k y0rusy50 ca
|
| 101 |
1 |
|
|a rus
|c eng
|
| 102 |
|
|
|a RU
|
| 105 |
|
|
|a a z 001zy
|
| 200 |
0 |
|
|a Т. 4: Композиционные материалы с металлической матрицей
|f Под ред. К. Крейдера
|
| 210 |
|
|
|d 1978
|
| 215 |
|
|
|a 504 с.
|c ил
|
| 320 |
|
|
|a Библиография в тексте.
|
| 320 |
|
|
|a Предметный указатель: с.499-502
|
| 461 |
|
1 |
|0 (RuTPU)RU\TPU\book\80235
|t Композиционные материалы
|o В 8 т.
|o пер. с англ.
|f Под ред. Л. Браутмана; Р. Крока
|v Т. 4: Композиционные материалы с металлической матрицей
|d 1978-
|
| 610 |
1 |
|
|a композиционные материалы
|
| 610 |
1 |
|
|a матрицы
|
| 610 |
1 |
|
|a армирующие материалы
|
| 610 |
1 |
|
|a жаропрочные сплавы
|
| 610 |
1 |
|
|a высокопрочные сплавы
|
| 675 |
|
|
|a 620.22-419.8
|v 3
|
| 702 |
|
1 |
|a Крейдер
|b К.
|4 340
|
| 801 |
|
0 |
|a RU
|b 63413507
|c 20011210
|g PSBO
|
| 801 |
|
2 |
|a RU
|b 63413507
|c 20140707
|g PSBO
|
| 900 |
|
|
|a Композиционные материалы
|
| 942 |
|
|
|c BK
|